Ölüm dağları bekler (Record no. 2010)

MARC details
000 -BAŞLIK
Sabit Uzunlukta Kontrol Alanı 00685na a2200253 4500
001 - KONTROL NUMARASI
Denetim Alanı 14008
003 - KONTROL NUMARASI IDENTIFIER
Denetim Alanı MIRAKIL
005 - SON İŞLEM TARİHİ VE ZAMANI
Denetim Alanı 20181213154842.0
008 - SABİT-BOY VERİ ELEMANLARI - GENEL BİLGİLER
Sabit Uzunlukta Kontrol Alanı 160908b tu 000 0
020 ## - ULUSLARARASI STANDART KİTAP NUMARASI
Uluslararası Standart Kitap Numarası 9789750127434
035 ## - SİSTEM KONTROL NUMARASI
Sistem Kontrol Numarası 14008
040 ## - KATALOGLAMA KAYNAK
Orijinal Kataloglama Ajansı Milas
Kataloglama Dili tur
Metne Dönüştürmek Ajansı TR-AnCHP
082 ## - DEWEY ONLU SINIFLANDIRMA NUMARASI
Sınıflandırma Numarası 923.5 Ağar,A.
Ürün Numarası A32ö 2008
090 ## - SINIFLAMA NUMARASI
Sınıflama Numarası 923.5 Ağar,A. A32ö 2008
100 ## - ANA GİRİŞ - KİŞİSEL İSİM
Kişisel Ad Ağar, Abdullah
245 ## - BAŞLIK TABLOSU
Başlık Ölüm dağları bekler
Başlığın Kalan "Cudi Dağı"
246 ## - UNVAN FORM VARYING
Başlık Doğru / Kısa Başlığı "Cudi Dağı"
260 ## - YAYIN, DAĞITIM, VB
Yayın, Dağıtım, Vb Yeri İstanbul
Yayıncı, Dağıtıcı, Vs Adı Kitaptürk
Yayın, Dağıtım, Vb Tarihi 2008
300 ## - FİZİKSEL TANIM
Kapsam 303 s.
Diğer Fiziksel Ayrıntıları fotg.
Boyutlar 21 sm.
600 ## - KONU KATMA GİRİŞ - KURUMSAL ADI
Kişisel Ad Ağar, Abdullah
Genel Alt Bölümü Anılar
650 ## - KONU KATMA GİRİŞ - TOPİKAL DÖNEM
Topikal Süreli Veya Coğrafi Ad Giriş Elemanı Askerlik
650 ## - KONU KATMA GİRİŞ - TOPİKAL DÖNEM
Topikal Süreli Veya Coğrafi Ad Giriş Elemanı Güney Doğu olayları
Genel Alt Bölümü Anılar
942 ## - EKLENDİ GİRİŞ ELEMANLARI (KOHA)
Sınıflandırma Veya Raf Düzeni Kaynak Dewey Decimal Classification
Koha Öğesi Türü Books
999 ## - SİSTEM KONTROL NUMARALARI (KOHA)
Koha Biblionumber 2010
Koha Biblioitemnumber 2010
Holdings
Kalıcı Konum Mevcut Konum Edinme Tarihi Edinim Kaynak Toplam Check-Out'Lar Tam Çağrı Numarası Barkod Tarih Son Görülme İtibaren Geçerli Fiyatlar Koha Öğesi Türü
CHP Kütüphanesi CHP Kütüphanesi 08/23/2016 Bağış   923.5 Ağar,A. A32ö 2008 001822 08/23/2016 08/23/2016 Books